Normal view
MARC view
- Thomas, George B.,
Entry Personal Name
001 - CONTROL NUMBER
- control field: 41345
003 - CONTROL NUMBER IDENTIFIER
- control field: OSt
005 - DATE AND TIME OF LATEST TRANSACTION
- control field: 20161009124541.0
008 - FIXED-LENGTH DATA ELEMENTS
- fixed length control field: 161009|| aca||aabn | a|a d
040 ## - CATALOGING SOURCE
- Original cataloging agency: OSt
100 ## - HEADING--PERSONAL NAME
- Personal name: Thomas, George B.,
- Titles and other words associated with a name: Jr.
- Fuller form of name: (George Brinton),
- Dates associated with a name: 1914-2006